000 00441nam a2200157 4500
001 123743
003 ES-MaACL
005 20230906192230.0
007 t|
008 070214s1974 sp r ||||1| spa d
100 1 _aQuinto, José María de (
_d1925-2005)
_994739
245 1 0 _aRelatos /
_cJosé María de Quinto.
260 _aMadrid :
_bEdiciones del Centro,
_c1974.
300 _a279 p. ;
_c21 cm.
852 _aES-MaACL
_jE-5603
_bR.89954
999 _c123743
_d123743